000 01405nam0a22002891 4500
001 v19\rc\1968832
005 20251118181049.9
035 _a(NLR Aleph) 005051177
090 _a6896306
_c6896306
100 _a20080428d1914 |||y0rusy50 ca
101 0 _arus
102 _aRU
105 _aa z |||||
200 1 _aКраткое руководство для начинающих бухгалтеров
_eКак записать кратчайш. путем самые сложн. журн. ст. с прил. табл.: "монетного паритета", "дисконта", "сравнительной таблицы монет", "сложного учета" формы образцы[!] деловых документов и др.
_fСост. учредитель курсов "Коммерческое образование " в Полтаве С.Г. Вольченок
210 _aПолтава
_cС.Г. Вольченок
_d1914
215 _a16 с.
_cтабл.
_d22
532 1 3 _aКраткое руководство для начинающих бухгалтеров
700 1 _aВольченок
_bС. Г.
_gСемен Григорьевич
_4220
801 0 _aRU
_bNLR
_gpsbo
801 0 _aRU
_bRuMoRGB
_2psbo
801 1 _aRU
_bProSoft-M
_2rusmarc
852 _aNLR
_j40.2.7.141
899 _aRuMoRGB
_jV 65/257
899 _aБАН
942 _cBOOK
980 _aNB